000 00270nam a2200121Ia 4500
008 190216s9999||||xx |||||||||||||| ||und||
100 _aKumar N
245 0 _aDeterministic Chaos
260 _bUniversity Press
_c1999
300 _a96p
650 _aPhysics
942 _cBK
999 _c33627
_d33627